| 000 | 00543nam a2200181 i 4500 | ||
|---|---|---|---|
| 001 | 108920 | ||
| 003 | ES-MaACL | ||
| 005 | 20250727033927.0 | ||
| 007 | t| | ||
| 008 | 061121s1980 xr |||| | spa d | ||
| 245 | 0 | 3 |
_aEl movimiento comunista _b: problemas de la teoría y la práctica. / _cbajo la supervisión de K. Zadorov. |
| 260 |
_aPraga : _bPaz y Socialismo, _c1980. |
||
| 300 |
_a697 p. ; _c19 cm. |
||
| 650 | 7 |
_aComunismo _2embne _911211 |
|
| 700 | 1 |
_aZadorov, K. _9117822 |
|
| 852 |
_aES-MaACL _jL-1276 |
||
| 999 |
_c108920 _d108920 |
||